Songs with names in the title - Statistics

General Stats
  • This quiz has been taken 19 times
  • The average score is 2 of 8
Answer Stats
Artist Song Name % Correct
Neil Diamond Sweet ________ Caroline
89%
Maroon 5 Moves like ______ Jagger
84%
Plain White Ts Hey, there _______ Delilah
53%
Night Ranger Sister _________ Christian
16%
Coldplay ________ Brown Charlie
0%
Cure Letter to _____ Elyse
0%
Adele River ___ Lea
0%
Donnie Iris Ah, ____ Leah
0%
No matching quizzes found
Score Distribution
Percent of People with Each Score
Percentile by Number Answered
Your Score History
You have not taken this quiz